000 00432nam a2200157Ia 4500
003 GCL
008 140319s9999 xx 000 0 ara d
040 _aGCL /
_cGCL
082 0 4 _aد
_b050
100 1 _aجاذبية صدقى
245 1 0 _aلمحات من المسرح العالمى (اقرا 325 ) /
_cجاذبية صدقى
300 _a160
490 _aاقرأ
_v0
650 0 4 _aالمسرح العالمى
942 _2ddc
_cBK
999 _c48571
_d48571